00463nam a2200145 a 4500008004100000050001500041100001800056245011100074260004600185300002200231350000900253650001300262650002200275700002000297120416s1967 ||||||||||||||||| || u aGN 492 Con aCohen, Ronald10aComparative political systems: studies in the politics of pre-industrial societiescedited by Ronald Cohen aNew YorkbThe Natural History Pressc1967 axiv, 512p. : ill. a0.00 aPOLITICS aPolitical systems aMiddleton, John